Electrical Circuits/ (Record no. 189177)

MARC details
000 -LEADER
fixed length control field 00653nam a22001937a 4500
005 - DATE AND TIME OF LATEST TRANSACTION
control field 20220621165915.0
010 ## - LCCN (DPL NO)
LC control number ENG-133298
020 ## - INTERNATIONAL STANDARD BOOK NUMBER
International Standard Book Number 9789383959617
Terms of availability 424.00
035 ## - SYSTEM CONTROL NUMBER
System control number EN-116830
037 ## - SOURCE OF ACQUISITION
Source of stock number/acquisition DBAD/PUB
082 ## - DEWEY DECIMAL CLASSIFICATION NUMBER
Classification number 621.3192
100 ## - MAIN ENTRY--PERSONAL NAME
Personal name Rani, D. Shobha
245 ## - TITLE STATEMENT
Title Electrical Circuits/
Statement of responsibility, etc D. Shobha Rani and S. Swathi
260 ## - PUBLICATION, DISTRIBUTION, ETC. (IMPRINT)
Place of publication, distribution, etc Hyderabad
Name of publisher, distributor, etc StudentsHelpline Publishing House Ltd.
Date of publication, distribution, etc 2019
270 ## - ADDRESS
Address #326/C, 1st Floor, Surneni Nilayam Near B K Guda Park, S R Nagar
City Hyderabad
Postal code 500038
Electronic mail address studentshelpline.in@gmail.com
300 ## - PHYSICAL DESCRIPTION
Extent xiv, 530p.
Dimensions 24cm(pbk)
700 ## - ADDED ENTRY--PERSONAL NAME
Personal name Swathi, S
942 ## - ADDED ENTRY ELEMENTS (KOHA)
Source of classification or shelving scheme Dewey Decimal Classification
Item type English Books
Classification part 621.3192
Call number suffix RAN
Holdings
Withdrawn status Lost status Not for loan Collection code Home library Current library Date acquired Source of acquisition Cost, normal purchase price Full call number Barcode Copy number Cost, replacement price Koha item type
      Non-fiction Sarojini Nagar Sarojini Nagar 21/06/2022 DBAD/PUB 424.00 621.3192 RAN EN-116830 1 424.00 English Books

© Delhi Public Library
Hit Counter
free hit counter